| 000 | 01173cab a2200253 4500 | ||
|---|---|---|---|
| 001 | ##L131455 | ||
| 008 | 051104n2005 000 0 eng u | ||
| 035 | _a(Sirsi) u131455 | ||
| 041 | 0 | _aeng | |
| 100 | 1 | _aElghamry, Nadia | |
| 245 | 0 | 0 |
_aFocus special _bleisure |
| 260 | 3 | _c2005 | |
| 490 | 0 |
_aEstates Gazette _v(543) 29 October 2005, 143-167(18) |
|
| 520 | _aCovers aspects of the European leisure property market: Starwood Capital Europe's eye on the European hotel market; smoking bans may not hit the licensed trade's business as badly as predicted; Wagamama's quest to dive deeper into the European restaurant market; more European restaurants are making the transition to the UK; leisure parks are on the comeback trail; frenzied activity in the hotel industry, and profitable UK pub/restaurant deals but the European pub/restaurant market is a no-go zone for investors. | ||
| 590 | _aIKA081105 | ||
| 690 | _aPROPERTY-COMMERCIAL PROPERTY-LEISURE PROPERTY | ||
| 700 | 1 | _aMcClary, Samantha | |
| 700 | 1 | _aKivlehan, Noella Pio | |
| 700 | 1 | _aQuinn, David | |
| 700 | 1 | _aNorman, Paul | |
| 700 | 1 | _aScott, Lucy | |
| 700 | 1 | _aCunningham, Daniel | |
| 942 | _n0 | ||
| 999 |
_c76088 _d76088 |
||